000 00669nam a22002297a 4500
003 UA-OsUOA
001 238
007 ta
008 20050525b un ||||| |||| 00| 0 ukr d
100 _aРуставели Ш
090 _a821.353.1
_bР89
942 _cBK
040 _aUA-OsUOA
_brus
_cUA-OsUOA
_dUA-OsUOA
245 _aВитязь в тигровой шкуре
_cПер с грузинского Ш. Нуцубидзе
300 _a367 с.
955 _a3
041 _arus
080 _a821.353.1
260 _aТбилиси
_bСахелгами
_c1960
650 7 _a82 Література. Літературознавство
_2UDC
999 _c286402
_d286402